Radio receiver technology : principles, architectures, and applications (Record no. 49461)

MARC details
000 -LEADER
fixed length control field 00886nam a2200241Ia 4500
008 - FIXED-LENGTH DATA ELEMENTS--GENERAL INFORMATION
fixed length control field 191130s2014##################000#0#eng##
020 ## - INTERNATIONAL STANDARD BOOK NUMBER
International Standard Book Number 9781118503201
022 ## - INTERNATIONAL STANDARD SERIAL NUMBER
International Standard Serial Number 2013008682
040 ## - CATALOGING SOURCE
Original cataloging agency ACL
Transcribing agency ACL
100 ## - MAIN ENTRY--PERSONAL NAME
Personal name Rudersdorfer, Ralf
245 ## - TITLE STATEMENT
Title Radio receiver technology : principles, architectures, and applications
Statement of responsibility, etc. Ralf Rudersdorfer, Ulrich Graf, Hans Zahnd
260 ## - PUBLICATION, DISTRIBUTION, ETC.
Place of publication, distribution, etc. Hoboken, NJ
Name of publisher, distributor, etc. Wiley
Date of publication, distribution, etc. 2014
300 ## - PHYSICAL DESCRIPTION
Extent xvi, 299 pages : illustrations ; 25 cm
500 ## - GENERAL NOTE
General note Translation of: Funkempfängerkompendium. Includes bibliographical references and index
650 ## - SUBJECT ADDED ENTRY--TOPICAL TERM
Topical term or geographic name entry element Engineering
Topical term or geographic name entry element Radio - Receivers and reception
Topical term or geographic name entry element TECHNOLOGY & ENGINEERING / Mobile & Wireless Communications
700 ## - ADDED ENTRY--PERSONAL NAME
Personal name Graf, Ulrich
Personal name Zahnd, Hans
990 ## - EQUIVALENCES OR CROSS-REFERENCES [LOCAL, CANADA]
Link information for 9XX fields ddcf7aeaac100b463e9521c79fbba337
991 ## -
-- 445271
Holdings
Withdrawn status Lost status Source of classification or shelving scheme Materials specified (bound volume or other part) Damaged status Not for loan Home library Current library Shelving location Date acquired Total Checkouts Full call number Barcode Date last seen Price effective from Koha item type
    Dewey Decimal Classification hbk     Anna Centenary Library Anna Centenary Library 6TH FLOOR, A WING 09.10.2020   621.38418 RUD 571480 09.02.2026 09.10.2020 English Books
    Dewey Decimal Classification hbk     Anna Centenary Library Anna Centenary Library 6TH FLOOR, A WING 09.10.2020   621.38418 RUD 571481 09.02.2026 09.10.2020 English Books
    Dewey Decimal Classification hbk     Anna Centenary Library Anna Centenary Library 6TH FLOOR, A WING 09.10.2020   621.38418 RUD 571482 09.02.2026 09.10.2020 English Books
    Dewey Decimal Classification hbk     Anna Centenary Library Anna Centenary Library 6TH FLOOR, A WING 09.10.2020   621.38418 RUD 571483 09.02.2026 09.10.2020 English Books

Find us on the map